<?xml version="1.0" encoding="UTF-8"?>
<marc:record xmlns:marc="http://www.loc.gov/MARC21/slim">
   <marc:leader>00000nam a2200000 a 4500</marc:leader>
   <marc:datafield ind1="1" ind2=" " tag="100">
      <marc:subfield code="a">Lewis, Gary</marc:subfield>
   </marc:datafield>
   <marc:datafield ind1="1" ind2=" " tag="100">
      <marc:subfield code="a">Sives, Jamie</marc:subfield>
   </marc:datafield>
   <marc:datafield ind1="1" ind2=" " tag="100">
      <marc:subfield code="a">Mikkelsen, Mads</marc:subfield>
   </marc:datafield>
   <marc:datafield ind1="1" ind2=" " tag="100">
      <marc:subfield code="a">Reen, Nicolas Winding</marc:subfield>
   </marc:datafield>
   <marc:datafield ind1="0" ind2="0" tag="245">
      <marc:subfield code="a">Walhalla Rising</marc:subfield>
   </marc:datafield>
   <marc:datafield ind1="0" ind2="0" tag="245">
      <marc:subfield code="c">Darst.: Mads Mikkelsen ; Jamie Sives ; Gary Lewis ... Regie: Nicolas Winding Ree.</marc:subfield>
   </marc:datafield>
   <marc:datafield ind1=" " ind2="1" tag="264">
      <marc:subfield code="a">München</marc:subfield>
      <marc:subfield code="b">Sunfilm Entertainment</marc:subfield>
      <marc:subfield code="c">2010</marc:subfield>
   </marc:datafield>
   <marc:datafield ind1="1" ind2=" " tag="520">
      <marc:subfield code="a">Um 1000 vor Christus: Der Normannenhäuptling Barde hält den mit übernatürlichen Kräften versehenen Einauge gefangen. Doch der tötet seine Peiniger und flieht, um sich schließlich einer Gruppe von Wikingern anzuschließen, die kurz darauf mit einem ihrer Schiffe in See stechen. Das Meer zeigt sich aber schon bald trügerisch und die Mannschaft sieht sich von dichtem Nebel eingehüllt. Als er aufreißt, fallen ihre Blicke auf ein neues Land. Doch leider verheißt auch das nichts Gutes ... - Atmosphärisch dichter Fantasy-Film, der zwischen Action und Horror eine höchst faszinierende Welt erzeugt, die Genreliebhaber zu Beifallsstürmen hingerissen hat. Nordische Sagen und Mythen, die dem Plot zu Grunde liegen, sollten allerdings nicht auf ihren überlieferten Inhalt hin abgeklopft werden, denn sie bieten nur die Folie für eine komplett eigenständige Geschichte. Hit des Fantasy Filmfests. (Sprachen: D, GB)</marc:subfield>
   </marc:datafield>
   <marc:datafield ind1=" " ind2=" " tag="020">
      <marc:subfield code="a">14,95</marc:subfield>
      <marc:subfield code="9">14,95</marc:subfield>
   </marc:datafield>
   <marc:datafield ind1="3" ind2=" " tag="024">
      <marc:subfield code="a">4041658223218</marc:subfield>
   </marc:datafield>
   <marc:datafield ind1="0" ind2=" " tag="490">
      <marc:subfield code="v">0</marc:subfield>
   </marc:datafield>
   <marc:datafield ind1=" " ind2=" " tag="300">
      <marc:subfield code="a">1 DVD (PAL, Ländercode 2, 89 Min.) : farbig, mit Ton</marc:subfield>
   </marc:datafield>
</marc:record>
